000 00683nam a2200217 cc4500
001 000030543
003 RuMoIPM
005 20260513111950.0
008 230210s1959 ru ||||||| |||| ||rus d
035 _a(RuMoBEN) 002102376
035 _a(ELAR retro) [2022] 000126900
040 _aRuMoBEN
_brus
_ercr
041 0 _arus
044 _aru
080 _a510(075.8)
245 1 0 _aТ. 5
_cВ. И. Смирнов
260 _aМосква
_bФизматгиз
_c1959
300 _a655 с.
773 _aСмирнов, Владимир Иванович
_tКурс высшей математики: [Учебная литература для вузов]
_w000018741
942 _cBK
999 _c30543
_d30543